| Tag |
First Indicator |
Second Indicator |
Subfields |
| LEADER |
00000cam a22000001a 4500 |
| 001 |
in00003268421 |
| 006 |
m d f |
| 007 |
cr bn mmmapmmp |
| 008 |
101011s2001 dcu o f000 0 eng d |
| 005 |
20260430162748.9 |
| 035 |
|
|
|a cis2007819580
|
| 040 |
|
|
|a LexisNexis
|c LexisNexis
|d UtOrBLW
|
| 043 |
|
|
|a n-us---
|
| 099 |
|
|
|a CMP-2001-CBO-0015
|
| 100 |
1 |
|
|a Torregrosa, David.
|
| 245 |
1 |
0 |
|a Interest Rate Differentials Between Jumbo and Conforming Mortgages, 1995-2000 :
|b CBO Paper. /
|c prepared by David Torregrosa for the United States Congressional Budget Office, One Hundred Seventh Congress, first session.
|
| 264 |
|
1 |
|a Washington :
|b U.S. G.P.O.,
|c 2001.
|
| 300 |
|
|
|a 1 online resource.
|
| 336 |
|
|
|a text
|b txt
|2 rdacontent
|
| 337 |
|
|
|a computer
|b c
|2 rdamedia
|
| 338 |
|
|
|a online resource
|b cr
|2 rdacarrier
|
| 500 |
|
|
|a Record is based on bibliographic data in LexisNexis U.S. Congressional Research Digital Collection. Reuse except for individual research requires license from LexisNexis.
|
| 500 |
|
|
|a Electronic resource.
|
| 650 |
|
0 |
|a Mortgage loans
|z United States.
|
| 650 |
|
0 |
|a Interest rates
|z United States.
|
| 655 |
|
7 |
|a Electronic books.
|2 local
|
| 710 |
2 |
|
|a ProQuest (Firm)
|
| 710 |
1 |
|
|a United States.
|b Congressional Budget Office.
|
| 776 |
0 |
8 |
|i Print version:
|t Interest Rate Differentials Between Jumbo and Conforming Mortgages, 1995-2000
|
| 776 |
0 |
8 |
|i Microfiche version:
|t Interest Rate Differentials Between Jumbo and Conforming Mortgages, 1995-2000
|d [Bethesda, Md.] :LexisNexis Academic & Library Solutions,2001.
|o CIS 2001 J932-17
|w (LexisNexis)cis00101492
|
| 830 |
|
0 |
|a U.S. Congressional Research.
|
| 856 |
4 |
0 |
|u http://proxy.library.tamu.edu/login?url=https://congressional.proquest.com/congcomp/getdoc?CRDC-ID=CMP-2001-CBO-0015
|z Connect to the full text of this electronic book
|t 0
|
| 998 |
|
|
|a cis00101492
|
| 999 |
|
|
|a MARS
|
| 999 |
f |
f |
|s fe2971de-85af-3989-9699-ffe8f2d6a57a
|i 594aefbf-b5d4-3c5a-ac6e-45c3f5c4ac1d
|t 0
|
| 952 |
f |
f |
|a Texas A&M University
|b College Station
|c Electronic Resources
|s www_evans
|d Available Online
|t 0
|e CMP-2001-CBO-0015
|h Other scheme
|
| 998 |
f |
f |
|a CMP-2001-CBO-0015
|t 0
|l Available Online
|